000 00644nam a22001817a 4500
001 T027600004133
008 181111b xve|||||r|||| 00| | esp d
099 _aIVP-D-00790.1
_b
100 _aAhumada, Jorge
245 _aIVEPLAN. Curso “Introducción a la Planificación”. Lecturas seleccionadas: La planificación del Desarrollo /
_bPlan Nacional de Desarrollo Regional.
260 _a
500 _aFotocopiado
650 _aPlanificación--Colecciones de Escritos.
700 _aInstituto Latinoamericano de Planificación Económica y Social (ILPES)
_e
700 _aLewis, W. Arthur
_e
700 _aTrebino, Jorge.
_e
942 _cLIB
999 _c5274
_d5274